[Event "IECG CF.2005.0.00068 email"]
[Site "IECG email"]
[Date "2005.02.27"]
[Round "?"]
[White "Chester, Ian"]
[Black "Skiffington, Dennis"]
[Result "1-0"]
[WhiteElo "1083"]
[BlackElo "1080"]
[PlyCount "41"]
[EventDate "2005.02.27"]
[EventType "tourn (corr)"]
[EventRounds "6"]
[SourceTitle "Corr 2008"]
[Source "ChessBase"]
[SourceDate "2008.06.24"]
[SourceVersion "1"]
[SourceVersionDate "2008.06.24"]
[SourceQuality "1"]

1. c4 e5 2. Nc3 g6 3. Nf3 Bg7 4. d4 exd4 5. Nxd4 Ne7 6. e4 0-0 7. Be3 Nbc6 8. Be2 Nxd4 9. Bxd4 Bxd4 10. Qxd4 Nc6 11. Qe3 d6 12. 0-0 Bd7 13. f4 Nb4 14. Rac1 c5 15. a3 Nc6 16. Nb5 a6 17. Nxd6 Qc7 18. Qxc5 b6 19. Qd5 Be6 20. Qd2 Rad8 21. e5 1-0